Experimental electrochemistry for chemists / (Record no. 10015)
[ view plain ]
| 000 -LEADER | |
|---|---|
| fixed length control field | 01763cam a2200337 a 4500 |
| 001 - CONTROL NUMBER | |
| control field | 10015 |
| 003 - CONTROL NUMBER IDENTIFIER | |
| rucl marc code | BD-RjUL |
| 005 - DATE AND TIME OF LATEST TRANSACTION | |
| control field | 20211208234858.0 |
| 008 - FIXED-LENGTH DATA ELEMENTS--GENERAL INFORMATION | |
| fixed length control field | 140122s1974 nyua b 001 0 eng d |
| 020 ## - INTERNATIONAL STANDARD BOOK NUMBER | |
| International Standard Book Number | 0471755605 |
| 035 ## - SYSTEM CONTROL NUMBER | |
| System control number | (BD-RjUL)10062 |
| -- | (OCoLC)828468 |
| 040 ## - CATALOGING SOURCE | |
| Original cataloging agency | LC |
| Language of cataloging | eng |
| Transcribing agency | LC |
| Modifying agency | D2035 |
| -- | ANL |
| -- | BD-RjUL |
| 041 ## - LANGUAGE CODE | |
| Language code of text/sound track or separate title | eng |
| 060 10 - NATIONAL LIBRARY OF MEDICINE CALL NUMBER | |
| Classification number | QD 553 |
| Item number | S271e 1974 |
| 082 04 - DEWEY DECIMAL CLASSIFICATION NUMBER | |
| Classification number | 541.37 |
| Author mark and year | SAE 1974 |
| 100 1# - MAIN ENTRY--PERSONAL NAME | |
| Personal name | Sawyer, Donald T. |
| 9 (RLIN) | 30922 |
| 245 10 - TITLE STATEMENT | |
| Title | Experimental electrochemistry for chemists / |
| Statement of responsibility, etc. | Donald T. Sawyer, Julian L. Roberts, Jr. |
| 260 ## - PUBLICATION, DISTRIBUTION, ETC. (IMPRINT) | |
| Place of publication, distribution, etc. | New York : |
| Name of publisher, distributor, etc. | Wiley, |
| Date of publication, distribution, etc. | 1974. |
| 300 ## - PHYSICAL DESCRIPTION | |
| Pagination | x, 435 p. : |
| Illustrations | ill. ; |
| Size | 23 cm. |
| 490 1# - SERIES STATEMENT | |
| Series statement | A Wiley-Interscience publication |
| 500 ## - GENERAL NOTE | |
| General note | "A Wiley-Interscience publication." |
| 504 ## - BIBLIOGRAPHY, ETC. NOTE | |
| Bibliography, etc | Includes bibliographical references. |
| 505 00 - FORMATTED CONTENTS NOTE | |
| Formatted contents note | Machine derived contents note: Potentiometry Measurements. -- Controlled Potential Methods. -- Electrochemical Titrations and Controlled-Current Methods. -- Indicator Electrodes. -- Electrochemical Cells and Instrumentation. -- Solvents and Electrolytes. -- Hydronium Ions (H3O+), Br�nsted Acids (HA -- ), and Molecular Hydrogen (H2). -- Dioxygen Species (O2, HOO, O2 -- HOOH, HOO-), Ozone (O3), and Atomic Oxygen. -- Metals and Metal Complexes. -- NonMetals (Sulfur, Nitrogen, and Carbon Compounds). -- Organic Compounds. -- Organometallic Compounds and Metalloporphyrins. -- Index. |
| 650 #0 - SUBJECT ADDED ENTRY--TOPICAL TERM | |
| Topical term or geographic name as entry element | Electrochemistry. |
| 9 (RLIN) | 30923 |
| 653 ## - INDEX TERM--UNCONTROLLED | |
| Uncontrolled term | Electrochemistry |
| -- | Laboratory techniques |
| 700 1# - ADDED ENTRY--PERSONAL NAME | |
| Personal name | Roberts, Julian L. |
| Fuller form of name | (Julian Lee), |
| Relator term | joint author. |
| 830 #0 - SERIES ADDED ENTRY--UNIFORM TITLE | |
| Uniform title | Wiley-Interscience publication |
| 856 42 - ELECTRONIC LOCATION AND ACCESS | |
| Materials specified | Contributor biographical information |
| Uniform Resource Identifier | <a href="http://www.loc.gov/catdir/enhancements/fy0607/74003235-b.html">http://www.loc.gov/catdir/enhancements/fy0607/74003235-b.html</a> |
| 942 ## - ADDED ENTRY ELEMENTS (KOHA) | |
| Source of classification or shelving scheme | Dewey Decimal Classification |
| Koha item type | Books |
| Lost status | Source of classification or shelving scheme | Damaged status | Not for loan | Collection code | Permanent Location | Current Location | Shelving location | Date acquired | Source of acquisition | Cost, normal purchase price | Total Checkouts | Full call number | Date last seen | Copy number | Koha item type |
|---|---|---|---|---|---|---|---|---|---|---|---|---|---|---|---|
| Dewey Decimal Classification | Non-fiction | Central Library, University of Rajshahi | Central Library, University of Rajshahi | 03/10/1983 | Tulip | 37.35 | 541.37 SAE 1974 | 22/01/2014 | C-3 | Books | |||||
| Dewey Decimal Classification | Not For Loan | Non-fiction | Central Library, University of Rajshahi | Central Library, University of Rajshahi | Reading Room | 16/05/1983 | Heffers | 26.60 | 541.37 SAE 1974 | 21/05/2017 | C-1 | Books |